000 01179namaa2200313 i 4500
003 EG-GICUC
005 20251116130707.0
008 251116s2007 le |||jr|||| 000 0 ara d
020 _a9789953476186
040 _aEG-GiCUC
_bara
_cEG-GiCUC
_dEG-GiCUC
_erda
082 0 4 _221
_a391.5
_bD166
092 0 4 _221
_a391.5
_bD166
099 _a391.5 D166
100 1 _aالدامونى، حسين على لوبانى
_eمؤلف.
245 1 _aلحية الرجل فى ضوء الكتاب والسنة والأخبار /
_cحسين على لوبانى الدامونى.
250 _aالطبعة الاولى
264 _aبيروت(لبنان) :
_bمؤسسة الانتشار العربى،
_c2007.
300 _a108 صفحة ؛
_c24 سم
336 _2rdacontent
_atext
337 _2rdamedia
_aUnmediated
338 _2rdacarrier
_avolume
504 _aيشتمل على ارجاعات ببليوجرافية.
541 _aد. جابر عصفور ؛
_bالقاهرة ؛
_cإهداء ؛
_d2024.
650 1 7 _aاللحية
_xعادات وتقاليد
_2qrmak
650 1 4 _aاللحية
_xنواحة دينية
651 1 _2qrmak
905 _aAya
942 _2ddc
_cBK
_e21
_n0
999 _c175898
_d175898